LEADER 01946nam2 22003611i 450 001 UON00038941 005 20231205102137.26 010 $a37-88720-31-X$bV. III/4 100 $a20020107f1980 |0itac50 ba 101 $ager 102 $aDE 105 $a|||| 1|||| 200 1 $aLeviticus$fRolf Rendtorff 210 $aNeukirchen-Vluyn$cNeukirchner Verl.$d1983- 215 $afasc.$d24 cm 300 $aPosseduti f. 1,2,3,4. 311 $afasc. 1,2,3,4$9UON00006105 316 $aaltri inv.: 65715, 72708, 111094$5IT-UONSI SEBVIAB/012 (3/1.1) 461 0$1001UON00006105$12001 $aBiblischer Kommentar$eAltes Testament$1210 $aNeukirchen-Vluyn$cNeukirchener Verlag$d1966- $1215 $a v.$d24 cm.$v3 fasc. 1,2,3,4 500 1$3UON00355571$aBibbia. Antico Testamento. Levitico$939585 606 $aANTICO TESTAMENTO$xLEVITICO$3UONC013001$2FI 620 $aDE$dNeukirchen-Vluyn$3UONL000365 686 $aSEB VI AB$cSTUDI EBRAICI - LETTERATURA - TESTI BIBLICI - CRITICA LETTERARIA$2A 700 1$aRENDTORFF$bRolf$3UONV024862$0206126 712 $aNeukirchener$3UONV246756$4650 801 $aIT$bSOL$c20240220$gRICA 912 $aUON00038941 950 $aSIBA - SISTEMA BIBLIOTECARIO DI ATENEO$dSI SEB VI AB 012 (3/1.1) $eSI SA 45397 5 012 (3/1.1) altri inv.: 65715, 72708, 111094 950 $aSIBA - SISTEMA BIBLIOTECARIO DI ATENEO$dSI SEB VI AB 012 (3/1.2) $eSI SA 65715 7 012 (3/1.2) 950 $aSIBA - SISTEMA BIBLIOTECARIO DI ATENEO$dSI SEB VI AB 012 (3/1.3) $eSI SA 72708 7 012 (3/1.3) 950 $aSIBA - SISTEMA BIBLIOTECARIO DI ATENEO$dSI SEB VI AB 012 (3/1.4) $eSI SA 111094 7 012 (3/1.4) 996 $aBibbia. Antico Testamento. Levitico$939585 997 $aUNIOR LEADER 01816nam0 22003973i 450 001 TO00366014 005 20251003044405.0 010 $a8823002079 100 $a19981001d1996 ||||0itac50 ba 101 | $aita 102 $ait 181 1$6z01$ai $bxxxe 182 1$6z01$an 183 1$6z01$anc$2RDAcarrier 200 1 $aRelazioni industriali nella storia politica europea$fColin Crouch 210 $aRoma$cEdiesse$d\1996! 215 $a427 p.$d21 cm 300 $aTrad. italiana di Carlo Gnetti e Roberto Giovannini. 500 10$aIndustrial relations and European state traditions.$3RAV0272675$9LO1V015915$929776 606 $aRelazioni industriali$xEuropa$xStoria$xSec. 19.-20.$2FIR$3LO1C178886$9I 676 $a331.09$9ECONOMIA DEL LAVORO. Storia, geografia, persone$v23 676 $a331.094$9ECONOMIA DEL LAVORO. EUROPA$v20 676 $a331.094$9ECONOMIA DEL LAVORO. Europa$v21 686 $aX00.0/EU$cSTORIA DELL'EUROPA OCCIDENTALE$2R 686 $aX14.2$cMOVIMENTI E ORGANIZZAZIONI SINDACALI$2R 686 $aX30.2$cINDUSTRIA$2R 700 1$aCrouch$b, Colin$3LO1V015915$4070$0117172 790 1$aCrouch$b, Colin John$3CFIV321040$zCrouch, Colin 801 3$aIT$bIT-000000$c19981001 850 $aIT-BN0095 901 $bNAP 01$cPOZZO LIB.$nVi sono collocati fondi di economia, periodici di ingegneria e scienze, periodici di economia e statistica e altri fondi comprendenti documenti di economia pervenuti in dono. 912 $aTO00366014 950 0$aBiblioteca Centralizzata di Ateneo$b1 v.$c1 v.$d 01POZZO LIB.ECON MON 7034$e 0101 0700194775E VMA 1 v. (Precedente collocazione 19 Ec 477)$fB $h20220727$i20220727 977 $a 01 996 $aIndustrial relations and European state traditions$929776 997 $aUNISANNIO